[Event "Bezirksliga Oberbayern 1819"]
[Site "Bayern"]
[Date "2018.11.11"]
[Round "2.6"]
[White "Rath, Martin"]
[Black "Kessler, Horst"]
[Result "1-0"]
[WhiteElo "1933"]
[BlackElo "1782"]
[PlyCount "61"]
[EventDate "2018.10.21"]
[EventType "team-tourn"]
[EventRounds "9"]
[EventCountry "GER"]
[SourceTitle "EXT 2022"]
[Source "ChessBase"]
[SourceDate "2021.10.06"]
[SourceVersion "1"]
[SourceVersionDate "2021.10.06"]
[SourceQuality "1"]
[WhiteTeam "Fuerstenfeldbruck TuS"]
[BlackTeam "Germering II"]
[WhiteTeamCountry "GER"]
[BlackTeamCountry "GER"]

1. e4 c5 2. Nc3 d6 3. g3 Nf6 4. Bg2 Nc6 5. d3 e6 6. f4 a6 7. Nf3 Qc7 8. 0-0 Be7 9. h3 b5 10. Be3 Rb8 11. g4 b4 12. Ne2 e5 13. g5 Nh5 14. f5 f6 15. c3 a5 16. Qd2 Ba6 17. h4 Kf7 18. Nh2 Rhg8 19. Bf3 g6 20. Kh1 Rbd8 21. Bxh5 gxh5 22. c4 Nd4 23. Ng3 Qb7 24. b3 a4 25. Rab1 axb3 26. axb3 Qc6 27. Qd1 Qe8 28. Qxh5+ Kg7 29. Qh6+ Kh8 30. g6 Rg7 31. Nh5 1-0

[Event "Landesliga Sued 9900"]
[Site "Bayern"]
[Date "2000.01.09"]
[Round "4.5"]
[White "Rath, Martin"]
[Black "Schoenau, Helmut"]
[Result "0-1"]
[WhiteElo "2040"]
[BlackElo "2080"]
[PlyCount "134"]
[EventDate "1999.10.10"]
[EventType "team-tourn"]
[EventRounds "9"]
[EventCountry "GER"]
[SourceTitle "EXT 2020"]
[Source "ChessBase"]
[SourceDate "2019.10.17"]
[SourceVersion "1"]
[SourceVersionDate "2019.10.17"]
[SourceQuality "1"]
[WhiteTeam "Fuerstenfeldbruck TuS"]
[BlackTeam "Kriegshaber SK"]
[WhiteTeamCountry "GER"]
[BlackTeamCountry "GER"]

1. e4 c6 2. Nc3 d5 3. Nf3 e6 4. d4 dxe4 5. Nxe4 Nd7 6. Bd3 Ngf6 7. Ng3 c5 8. Qe2 cxd4 9. 0-0 Bc5 10. Ne4 Qc7 11. Bg5 Nxe4 12. Qxe4 e5 13. Rfe1 f6 14. Bh4 Bb4 15. c3 Nc5 16. Qxd4 Nxd3 17. Qxd3 Be7 18. Qd5 Qd7 19. Qxd7+ Kxd7 20. Rad1+ Ke6 21. Nd4+ Kf7 22. Nb5 g5 23. Bg3 Be6 24. h4 g4 25. Nd6+ Bxd6 26. Rxd6 Rhd8 27. Red1 Rxd6 28. Rxd6 Ke7 29. Rd2 Bxa2 30. f3 gxf3 31. gxf3 Rd8 32. Rxd8 Kxd8 33. Bf2 a6 34. Bb6+ Kd7 35. Kf2 Kc6 36. Bd8 f5 37. Ke3 Kd5 38. Kd3 Bb1+ 39. Kd2 e4 40. fxe4+ Kxe4 41. Ke2 Ba2 42. Bb6 Bc4+ 43. Kd2 Kf3 44. Ke1 Kg4 45. Bd8 Kg3 46. Be7 b5 47. Bd8 Kf3 48. Be7 f4 49. Bd8 Kg2 50. Bb6 f3 51. Bc5 a5 52. Bb6 Be2 53. Bc5 a4 54. Bb6 Kg3 55. Bf2+ Kf4 56. Kd2 Ke4 57. Bb6 Kd5 58. Bf2 Kc4 59. Kc2 Bf1 60. Bd4 Bh3 61. Bf2 Bf5+ 62. Kc1 Kb3 63. Bd4 Bc2 64. Bf2 a3 65. bxa3 Kxc3 66. Bb6 Kd3 67. Ba7 Ba4 0-1

[Event "Landesliga Sued 9900"]
[Site "Bayern"]
[Date "1999.11.07"]
[Round "2.5"]
[White "Rath, Martin"]
[Black "Joerg, Harald"]
[Result "0-1"]
[WhiteElo "2040"]
[BlackElo "2170"]
[PlyCount "80"]
[EventDate "1999.10.10"]
[EventType "team-tourn"]
[EventRounds "9"]
[EventCountry "GER"]
[SourceTitle "EXT 2020"]
[Source "ChessBase"]
[SourceDate "2019.10.17"]
[SourceVersion "1"]
[SourceVersionDate "2019.10.17"]
[SourceQuality "1"]
[WhiteTeam "Fuerstenfeldbruck TuS"]
[BlackTeam "Muenchen Siemens"]
[WhiteTeamCountry "GER"]
[BlackTeamCountry "GER"]

1. e4 e5 2. d4 exd4 3. Qxd4 Nc6 4. Qe3 Nf6 5. Nc3 Bb4 6. Bd2 0-0 7. 0-0-0 Re8 8. Qg3 Rxe4 9. a3 Rg4 10. Qh3 Bxc3 11. Bxc3 d6 12. Bd3 h6 13. Qf3 Rg5 14. Bxf6 Qxf6 15. Qxf6 gxf6 16. Be4 a5 17. f4 Rc5 18. Nf3 Bd7 19. Nd4 Re8 20. Nxc6 Bxc6 21. Bxc6 Rxc6 22. Rhe1 Rxe1 23. Rxe1 Kf8 24. Kd2 Rc4 25. g3 d5 26. Kd3 Rc6 27. f5 Rc4 28. b3 Rg4 29. Re3 Rg5 30. Rf3 Ke7 31. c4 Kd6 32. cxd5 Kxd5 33. Rf4 c5 34. b4 axb4 35. axb4 b6 36. bxc5 bxc5 37. Kc3 h5 38. Kd3 Rg4 39. Rf2 Ra4 40. Re2 Ra3+ 0-1

[Event "Regionalliga SO 9798"]
[Site "Bayern"]
[Date "1997.??.??"]
[Round "?.7"]
[White "Rath, Martin"]
[Black "Poeppel, Wolfgang"]
[Result "1-0"]
[WhiteElo "2005"]
[BlackElo "1645"]
[PlyCount "43"]
[EventDate "1997.10.19"]
[EventType "team-tourn"]
[EventRounds "9"]
[EventCountry "GER"]
[SourceTitle "EXT 2020"]
[Source "ChessBase"]
[SourceDate "2019.10.17"]
[SourceVersion "1"]
[SourceVersionDate "2019.10.17"]
[SourceQuality "1"]
[WhiteTeam "Fuerstenfeldbruck TuS"]
[BlackTeam "Pfarrkirchen SC"]
[WhiteTeamCountry "GER"]
[BlackTeamCountry "GER"]

1. e4 e5 2. d4 exd4 3. Qxd4 Nc6 4. Qe3 b6 5. Nc3 Bc5 6. Qg3 Nf6 7. Bg5 h6 8. Bd2 Qe7 9. 0-0-0 d6 10. Nd5 Nxe4 11. Qxg7 Qe5 12. Bxh6 Rxh6 13. Qxh6 Nxf2 14. Nf3 Qf5 15. Re1+ Be6 16. Nxc7+ Kd7 17. Nxe6 fxe6 18. Qg7+ Ke8 19. Bc4 e5 20. Bb5 Rc8 21. Rhf1 a6 22. Nxe5 1-0